Antenna theory , analysis and design (Record no. 572528)

000 -LEADER
fixed length control field 00703nam a22001937a 4500
003 - CONTROL NUMBER IDENTIFIER
control field CEME
005 - DATE AND TIME OF LATEST TRANSACTION
control field 20210628203200.0
008 - FIXED-LENGTH DATA ELEMENTS--GENERAL INFORMATION
fixed length control field 210119b xxu||||| |||| 00| 0 eng d
020 ## - INTERNATIONAL STANDARD BOOK NUMBER
International Standard Book Number 0-471-66782-X
040 ## - CATALOGING SOURCE
Transcribing agency ceme
082 ## - DEWEY DECIMAL CLASSIFICATION NUMBER
Classification number 621.3824 BAL
100 ## - MAIN ENTRY--PERSONAL NAME
Personal name Balanis, Constantine . A
9 (RLIN) 18297
245 ## - TITLE STATEMENT
Title Antenna theory , analysis and design
250 ## - EDITION STATEMENT
Edition statement 3RD
260 ## - PUBLICATION, DISTRIBUTION, ETC.
Place of publication, distribution, etc. NEW YORK
Name of publisher, distributor, etc. JOHN WILEY
Date of publication, distribution, etc. 2005
300 ## - PHYSICAL DESCRIPTION
Extent XVII,1118 P
650 ## - SUBJECT ADDED ENTRY--TOPICAL TERM
Topical term or geographic name entry element ANTENNA ELECTRONICS.ANTENNAS.LINEAR WIRE ANTENNAS.LOOP ANTENNAS.ANTENNA SYNTHESIS.TRAVELING WAVE AND BROADBAND ANTENNAS.APERTURE ANTENNAS.HORN ANTENNAS.MICROSTRIP ANTENNAS.REFLECTOR ANTENNAS.SMART ANTENNAS.ANTENNAS MEASUREMENTS
9 (RLIN) 63817
942 ## - ADDED ENTRY ELEMENTS (KOHA)
Koha item type Book
Source of classification or shelving scheme
Holdings
Withdrawn status Lost status Damaged status Not for loan Permanent Location Current Location Shelving location Date acquired Total Checkouts Full call number Barcode Date last seen Price effective from Koha item type
        College of Electrical & Mechanical Engineering (CEME) College of Electrical & Mechanical Engineering (CEME) General Stacks 07/26/2017   621.3824 BAL CEME-42160 06/28/2021 06/28/2021 Book
© 2023 Central Library, National University of Sciences and Technology. All Rights Reserved.